[Event "EU Small Countries ol 5th"]
[Site "Andorra"]
[Date "2017.11.12"]
[Round "1.4"]
[White "Weber, Tom"]
[Black "Nielsen, Hogni Egilstoft"]
[Result "1/2-1/2"]
[WhiteElo "2418"]
[BlackElo "2354"]
[PlyCount "76"]
[EventDate "2017.11.12"]
[EventType "team-tourn"]
[EventRounds "9"]
[EventCountry "AND"]
[SourceTitle "CBM 181 Extra"]
[Source "ChessBase"]
[SourceDate "2017.12.12"]
[SourceVersion "1"]
[SourceVersionDate "2017.12.12"]
[SourceQuality "1"]
[WhiteTeam "Luxembourg"]
[BlackTeam "Faroe Islands"]
[WhiteTeamCountry "LUX"]
[BlackTeamCountry "FAI"]

1. c4 e5 2. g3 Nf6 3. Bg2 h6 4. a3 c6 5. d4 exd4 6. Qxd4 d5 7. Nf3 Be7 8. cxd5 cxd5 9. 0-0 Nc6 10. Qd3 0-0 11. Nc3 Be6 12. Bf4 a6 13. Rad1 Qb6 14. b4 Rfd8 15. Ne5 Rac8 16. Na4 Qa7 17. Nxc6 Rxc6 18. Be3 Qb8 19. Rc1 Rdc8 20. Rxc6 Rxc6 21. Rd1 Qc7 22. Bc5 Bxc5 23. Nxc5 a5 24. e4 dxe4 25. Nxe4 Rc1 26. Nxf6+ gxf6 27. h4 axb4 28. axb4 b6 29. Bf3 Kg7 30. Rxc1 Qxc1+ 31. Kg2 Qb2 32. Qe4 Qd2 33. Qf4 Qxf4 34. gxf4 Kf8 35. Be4 f5 36. Bc2 Ke7 37. Kf3 Kd6 38. Ke3 Kc6 1/2-1/2

[Event "Sanem IF Payroll blitz"]
[Site "Schifflange"]
[Date "2017.09.23"]
[Round "?"]
[White "Savina, Anastasia"]
[Black "Weber, Tom"]
[Result "1/2-1/2"]
[WhiteElo "2356"]
[BlackElo "2412"]
[PlyCount "72"]
[EventDate "2017.09.23"]
[EventType "swiss (blitz)"]
[EventRounds "9"]
[EventCountry "LUX"]
[SourceTitle "EXT 2018"]
[Source "ChessBase"]
[SourceDate "2017.10.13"]
[SourceVersion "1"]
[SourceVersionDate "2017.10.13"]
[SourceQuality "1"]

1. d4 Nf6 2. c4 g6 3. Nc3 d5 4. cxd5 Nxd5 5. e3 Bg7 6. Bc4 Nb6 7. Bb3 0-0 8. Nf3 c5 9. 0-0 cxd4 10. exd4 Nc6 11. d5 Na5 12. Re1 Nxb3 13. axb3 Bg4 14. h3 Bxf3 15. Qxf3 Bxc3 16. bxc3 Qxd5 17. Qxd5 Nxd5 18. c4 Nb4 19. Rxe7 Rfe8 20. Bg5 Nc6 21. Rxb7 Rab8 22. Rxb8 Rxb8 23. Ra6 Rc8 24. Bf6 Kf8 25. b4 Nxb4 26. Rxa7 Nc6 27. Ra4 Ke8 28. g4 Kd7 29. Kg2 Ke6 30. g5 Rc7 31. Ra6 Kf5 32. Kg3 h6 33. h4 hxg5 34. hxg5 Ke4 35. Ra4 Kd3 36. c5 Kc2 1/2-1/2

[Event "Luxembourg-chT 1415"]
[Site "Luxembourg"]
[Date "2014.11.09"]
[Round "?"]
[White "Weber, Tom"]
[Black "Wiedenkeller, Michael"]
[Result "1/2-1/2"]
[WhiteElo "2412"]
[BlackElo "2479"]
[PlyCount "40"]
[EventDate "2014.10.05"]
[EventType "team-tourn"]
[EventRounds "10"]
[EventCountry "LUX"]
[SourceTitle "EXT 2017"]
[Source "ChessBase"]
[SourceDate "2016.10.25"]
[SourceVersion "1"]
[SourceVersionDate "2016.10.25"]
[SourceQuality "1"]

1. d4 d5 2. c4 dxc4 3. Nc3 Nf6 4. Nf3 a6 5. a4 Nc6 6. e4 Bg4 7. Be3 e5 8. dxe5 Qxd1+ 9. Rxd1 Bxf3 10. gxf3 Nxe5 11. f4 Nd3+ 12. Bxd3 cxd3 13. Rxd3 Bb4 14. Ke2 Rd8 15. Rhd1 Rxd3 16. Rxd3 Bxc3 17. Rxc3 Kd7 18. f3 Re8 19. f5 Nh5 20. Kf2 g6 1/2-1/2

[Event "Luxembourg-chT 1415"]
[Site "Luxembourg"]
[Date "2014.10.19"]
[Round "2"]
[White "Weber, Tom"]
[Black "Linster, Philippe"]
[Result "1-0"]
[WhiteElo "2412"]
[BlackElo "2125"]
[PlyCount "43"]
[EventDate "2014.10.05"]
[EventType "team-tourn"]
[EventRounds "10"]
[EventCountry "LUX"]
[SourceTitle "EXT 2017"]
[Source "ChessBase"]
[SourceDate "2016.10.25"]
[SourceVersion "1"]
[SourceVersionDate "2016.10.25"]
[SourceQuality "1"]

1. e4 e5 2. Nf3 Nc6 3. Be2 Nf6 4. d3 d5 5. Nbd2 Bc5 6. c3 a6 7. 0-0 0-0 8. h3 Ba7 9. Re1 h6 10. Qc2 Re8 11. Nf1 Be6 12. Ng3 Qd7 13. Bf1 b5 14. Bd2 Bc5 15. Rad1 Bf8 16. a3 Rad8 17. b4 g6 18. Bc1 Qe7 19. Bb2 Nd7 20. c4 bxc4 21. dxc4 dxe4 22. Qxe4 1-0

[Event "Gelsenkirchen Silvester op 1st"]
[Site "Gelsenkirchen"]
[Date "2013.12.29"]
[Round "5"]
[White "Weber, Tom"]
[Black "Langers, Alexander"]
[Result "1/2-1/2"]
[WhiteElo "2417"]
[BlackElo "2217"]
[PlyCount "122"]
[EventDate "2013.12.27"]
[EventType "swiss"]
[EventRounds "5"]
[EventCountry "GER"]
[SourceTitle "EXT 2019"]
[Source "ChessBase"]
[SourceDate "2018.10.10"]
[SourceVersion "1"]
[SourceVersionDate "2018.10.10"]
[SourceQuality "1"]

1. c4 Nf6 2. g3 c5 3. Bg2 g6 4. Nf3 Bg7 5. d4 cxd4 6. Nxd4 Nc6 7. 0-0 0-0 8. Nc3 Nxd4 9. Qxd4 d6 10. Qd3 Rb8 11. Bd2 b6 12. Rac1 Re8 13. b3 Bb7 14. e4 Qd7 15. f4 Rbd8 16. Qe2 e6 17. Rcd1 Qc8 18. Bc1 Qa8 19. Rfe1 Qb8 20. Ba3 a6 21. Rd3 b5 22. cxb5 axb5 23. Bb4 d5 24. e5 Nd7 25. Rd2 Bc6 26. Qf2 Qb7 27. Rc2 Rc8 28. Ne2 Nb8 29. Rec1 Bd7 30. Nd4 Na6 31. Bd6 Rxc2 32. Rxc2 Rc8 33. Bf1 Rxc2 34. Qxc2 Bf8 35. Bxf8 Kxf8 36. b4 Qb6 37. Qc3 Ke7 38. Kg2 h5 39. Be2 Ke8 40. a3 Ke7 41. Bd3 Qc7 42. Qxc7 Nxc7 43. Kh3 Kf8 44. Kh4 Kg7 45. Kg5 Be8 46. h3 Bd7 47. g4 hxg4 48. hxg4 Kf8 49. Kh4 Ke7 50. Kg3 Kd8 51. Kf3 Kc8 52. Be2 Kb7 53. Kg3 Kc8 54. Bf1 Kd8 55. Bd3 Kc8 56. Ne2 Na8 57. Nc3 Nc7 58. Kh4 Kd8 59. Kg5 Ke7 60. Ne2 Na8 61. Nc3 Nc7 1/2-1/2

[Event "Gelsenkirchen Silvester op 1st"]
[Site "Gelsenkirchen"]
[Date "2013.12.27"]
[Round "1"]
[White "Weber, Tom"]
[Black "Baerwolf, Steven"]
[Result "1-0"]
[WhiteElo "2417"]
[BlackElo "1878"]
[PlyCount "51"]
[EventDate "2013.12.27"]
[EventType "swiss"]
[EventRounds "5"]
[EventCountry "GER"]
[SourceTitle "EXT 2019"]
[Source "ChessBase"]
[SourceDate "2018.10.10"]
[SourceVersion "1"]
[SourceVersionDate "2018.10.10"]
[SourceQuality "1"]

1. c4 e6 2. g3 d5 3. Bg2 Nf6 4. Nf3 c6 5. b3 Bd6 6. Bb2 Nbd7 7. 0-0 0-0 8. d4 b6 9. Nbd2 Bb7 10. Ne5 Qc7 11. cxd5 exd5 12. Ndf3 c5 13. Rc1 Rfe8 14. e3 Ne4 15. Rc2 f6 16. Nd3 Nf8 17. Qc1 Qe7 18. Rd1 Rac8 19. Nf4 Bxf4 20. exf4 cxd4 21. Nxd4 Rxc2 22. Qxc2 g6 23. f5 Nd7 24. fxg6 hxg6 25. f3 Rc8 26. Qe2 1-0

[Event "EU-Cup 29th"]
[Site "Rhodes"]
[Date "2013.10.25"]
[Round "6.2"]
[White "Weber, Tom"]
[Black "Jepson, Christian"]
[Result "1/2-1/2"]
[WhiteElo "2415"]
[BlackElo "2392"]
[PlyCount "107"]
[EventDate "2013.10.20"]
[EventType "team-swiss"]
[EventRounds "7"]
[EventCountry "GRE"]
[SourceTitle "CBM 157"]
[Source "ChessBase"]
[SourceDate "2013.11.12"]
[SourceVersion "1"]
[SourceVersionDate "2013.11.12"]
[SourceQuality "1"]
[WhiteTeam "Belvaux"]
[BlackTeam "Limhamn"]
[WhiteTeamCountry "LUX"]
[BlackTeamCountry "SWE"]

1. c4 e6 2. g3 d5 3. Bg2 Nf6 4. Nf3 c6 5. 0-0 dxc4 6. a4 Qd5 7. b3 cxb3 8. Nc3 Qa5 9. Qxb3 Nbd7 10. d4 Bb4 11. Bb2 0-0 12. e4 b6 13. Rfd1 Bb7 14. Ne5 Nxe5 15. dxe5 Ng4 16. h3 Nh6 17. Rd7 Bc8 18. Rc7 Rd8 19. Rxc6 Bd7 20. Rc4 Bc5 21. Rd1 Be8 22. Bc1 Rac8 23. Bf1 Be7 24. Rxd8 Rxd8 25. Nb5 Bxb5 26. Qxb5 Qxb5 27. axb5 Bc5 28. Kg2 Kf8 29. Kf3 Ng8 30. Be3 Rc8 31. Bxc5+ Rxc5 32. Rxc5 bxc5 33. Ke3 Ke7 34. Kd3 f6 35. Kc4 fxe5 36. Kxc5 Kd7 37. f4 Nf6 38. Bd3 exf4 39. gxf4 Nh5 40. f5 e5 41. Bc4 Nf4 42. h4 h6 43. Bb3 g6 44. f6 g5 45. hxg5 hxg5 46. Bd1 Ke6 47. Kc6 Nd3 48. Bf3 Kxf6 49. Kb7 Nc5+ 50. Kxa7 g4 51. Bxg4 Nxe4 52. b6 Nc5 53. b7 Nxb7 54. Kxb7 1/2-1/2

[Event "EU-Cup 29th"]
[Site "Rhodes"]
[Date "2013.10.23"]
[Round "4.2"]
[White "Salihu, Sami"]
[Black "Weber, Tom"]
[Result "0-1"]
[WhiteElo "2215"]
[BlackElo "2415"]
[PlyCount "148"]
[EventDate "2013.10.20"]
[EventType "team-swiss"]
[EventRounds "7"]
[EventCountry "GRE"]
[SourceTitle "CBM 157"]
[Source "ChessBase"]
[SourceDate "2013.11.12"]
[SourceVersion "1"]
[SourceVersionDate "2013.11.12"]
[SourceQuality "1"]
[WhiteTeam "Istogu"]
[BlackTeam "Belvaux"]
[WhiteTeamCountry "SRB"]
[BlackTeamCountry "LUX"]

1. e4 c5 2. Nf3 Nc6 3. Nc3 g6 4. d4 cxd4 5. Nxd4 Bg7 6. Be3 Nf6 7. Bc4 0-0 8. f3 Qb6 9. Bb3 Nxe4 10. Nd5 Qa5+ 11. c3 Nc5 12. Nxc6 dxc6 13. Nxe7+ Kh8 14. Nxc8 Raxc8 15. 0-0 Rcd8 16. Qc2 Rfe8 17. Bf2 Kg8 18. Rfe1 Qb5 19. Rad1 Rxd1 20. Qxd1 Rxe1+ 21. Bxe1 Qd3 22. Qc2 Bh6 23. Bf2 Be3 24. Qxd3 Bxf2+ 25. Kxf2 Nxd3+ 26. Ke2 Nf4+ 27. Kf2 Kf8 28. Bc2 Ke7 29. g3 Nd5 30. Be4 Nb6 31. b3 f5 32. Bc2 Kd6 33. Ke3 Nd5+ 34. Kd4 c5+ 35. Kd3 f4 36. Kd2 b6 37. Be4 fxg3 38. hxg3 Nf6 39. Ke3 Ke6 40. Kf4 Nh5+ 41. Kg4 b5 42. b4 Nf6+ 43. Kg5 Nxe4+ 44. fxe4 c4 45. Kh6 Ke5 46. Kxh7 Kxe4 47. Kxg6 Kd3 48. Kf5 Kxc3 49. g4 Kxb4 50. g5 c3 51. g6 c2 52. g7 c1Q 53. g8Q Qc5+ 54. Kf6 Qc6+ 55. Ke5 Qc4 56. Qg2 Qc5+ 57. Ke6 Ka3 58. Qd2 b4 59. Kd7 a5 60. Qg2 Qc4 61. Qg5 a4 62. Qe3+ Kxa2 63. Qd2+ Ka3 64. Qd6 Qc3 65. Qe7 Kb2 66. Qe2+ Kc1 67. Ke7 b3 68. Qf1+ Kb2 69. Qf2+ Ka1 70. Qf1+ Ka2 71. Qb5 Qd4 72. Qf5 b2 73. Qc2 Ka1 74. Qd1+ Qxd1 0-1

[Event "Luxembourg-chT 1314"]
[Site "Luxembourg"]
[Date "2013.??.??"]
[Round "2"]
[White "Weber, Tom"]
[Black "Bakalarz, Grazyna"]
[Result "1-0"]
[WhiteElo "2412"]
[BlackElo "2011"]
[PlyCount "67"]
[EventDate "2013.10.05"]
[EventType "team-tourn"]
[EventRounds "10"]
[EventCountry "LUX"]
[SourceTitle "EXT 2017"]
[Source "ChessBase"]
[SourceDate "2016.10.25"]
[SourceVersion "1"]
[SourceVersionDate "2016.10.25"]
[SourceQuality "1"]

1. c4 Nf6 2. g3 g6 3. Bg2 d5 4. cxd5 Nxd5 5. Nc3 Nxc3 6. bxc3 Bg7 7. Nf3 0-0 8. 0-0 c5 9. Qa4 Nd7 10. Rb1 Nb6 11. Qh4 e5 12. Rb5 Qxh4 13. Nxh4 c4 14. f4 exf4 15. gxf4 Bf6 16. Nf3 Bd7 17. Ra5 Bc6 18. Nd4 Bxg2 19. Kxg2 Rfe8 20. Kf3 a6 21. Ba3 Bxd4 22. cxd4 c3 23. d3 Rad8 24. Rc1 Rc8 25. Bb4 c2 26. Rc5 Na4 27. R5xc2 Rcd8 28. e3 b6 29. Ba3 a5 30. Rc7 b5 31. Be7 Ra8 32. d5 Kg7 33. R1c6 b4 34. Bf6+ 1-0

[Event "London Classic op 4th"]
[Site "London"]
[Date "2012.12.04"]
[Round "4"]
[White "Weber, Tom"]
[Black "Ilfeld, Etan"]
[Result "1-0"]
[WhiteElo "2372"]
[BlackElo "2191"]
[PlyCount "61"]
[EventDate "2012.12.01"]
[EventType "swiss"]
[EventRounds "9"]
[EventCountry "ENG"]
[SourceTitle "CBM 151 Extra"]
[Source "ChessBase"]
[SourceDate "2012.12.18"]
[SourceVersion "1"]
[SourceVersionDate "2012.12.18"]
[SourceQuality "1"]

1. c4 e6 2. g3 d5 3. Bg2 c6 4. Nf3 f5 5. 0-0 Nf6 6. d3 dxc4 7. dxc4 Qxd1 8. Rxd1 Nbd7 9. Nc3 Bc5 10. Nd4 Kf7 11. b3 g6 12. e4 Ng4 13. Na4 Be7 14. Bb2 Re8 15. exf5 exf5 16. Nxc6 Bf6 17. Nd4 a6 18. h3 Bxd4 19. Rxd4 Ngf6 20. Rad1 Rb8 21. c5 Re2 22. R4d2 Rxd2 23. Rxd2 Ne4 24. Rc2 Ke6 25. Kh2 b5 26. cxb6 Bb7 27. Bd4 Ne5 28. f3 Nd6 29. Re2 Ndf7 30. Bxe5 Nxe5 31. f4 1-0

[Event "London Classic op"]
[Site "London"]
[Date "2011.12.11"]
[Round "9"]
[White "Weber, Tom"]
[Black "Cox, John J"]
[Result "1-0"]
[WhiteElo "2355"]
[BlackElo "2423"]
[PlyCount "109"]
[EventDate "2011.12.03"]
[EventType "swiss"]
[EventRounds "9"]
[EventCountry "ENG"]
[SourceTitle "CBM 145 Extra"]
[Source "ChessBase"]
[SourceDate "2012.01.03"]
[SourceVersion "1"]
[SourceVersionDate "2012.01.03"]
[SourceQuality "1"]

1. Nf3 c5 2. g3 Nc6 3. Bg2 g6 4. 0-0 Bg7 5. c4 Nh6 6. Nc3 Nf5 7. a3 0-0 8. Rb1 a5 9. d3 b6 10. Bd2 Bb7 11. Ne1 e6 12. Nc2 Nfd4 13. Nxd4 cxd4 14. Nb5 d5 15. cxd5 exd5 16. Qb3 Qe7 17. Rfe1 a4 18. Qxd5 Rfd8 19. Qc4 Ne5 20. Qb4 Qd7 21. Bxb7 Qxb7 22. Nd6 Qc6 23. Nc4 Nd7 24. Qd6 Qxd6 25. Nxd6 Nc5 26. Nc4 Nb3 27. Bf4 b5 28. Nd2 Nc5 29. Ne4 Nxe4 30. dxe4 Rac8 31. e5 Rc2 32. Kf1 Kf8 33. Red1 h6 34. h4 Ke7 35. Rd3 Ke6 36. b3 Kf5 37. bxa4 g5 38. hxg5 hxg5 39. Bd2 bxa4 40. Rb5 g4 41. Ra5 Rc4 42. f3 Rb8 43. fxg4+ Kxg4 44. e6 f5 45. Rf3 Rc2 46. Rfxf5 Rxd2 47. Rg5+ Kh3 48. Rxg7 Rf8+ 49. Rf7 Rg8 50. e7 Kxg3 51. Rf3+ Kh4 52. Rf8 Rd1+ 53. Kf2 Rdg1 54. Rxg8 Rxg8 55. Rxa4 1-0

[Event "London Classic op"]
[Site "London"]
[Date "2011.12.08"]
[Round "6"]
[White "Surendran, N."]
[Black "Weber, Tom"]
[Result "0-1"]
[WhiteElo "2207"]
[BlackElo "2355"]
[PlyCount "74"]
[EventDate "2011.12.03"]
[EventType "swiss"]
[EventRounds "9"]
[EventCountry "ENG"]
[SourceTitle "CBM 145 Extra"]
[Source "ChessBase"]
[SourceDate "2012.01.03"]
[SourceVersion "1"]
[SourceVersionDate "2012.01.03"]
[SourceQuality "1"]

1. d4 Nf6 2. Nf3 g6 3. g3 Bg7 4. Bg2 0-0 5. 0-0 d5 6. c4 c6 7. Qb3 Qb6 8. Nc3 Rd8 9. Bf4 dxc4 10. Qxb6 axb6 11. Bc7 Re8 12. Bxb6 Nfd7 13. Bc7 Na6 14. Bf4 e5 15. dxe5 Nxe5 16. Nxe5 Bxe5 17. Bxe5 Rxe5 18. Rad1 Be6 19. Rd2 Kf8 20. Rfd1 Ke7 21. a3 Nc5 22. e4 g5 23. f3 Rf8 24. Bf1 f5 25. exf5 Rfxf5 26. Ne2 Nb3 27. Rd8 Rxf3 28. Rb8 Rd3 29. Rxb7+ Kd6 30. Nc3 Rxd1 31. Nxd1 Re1 32. Nc3 Bh3 33. Ne4+ Ke5 34. Nd2 Nxd2 35. Re7+ Be6 36. Kf2 Rxf1+ 37. Ke2 Rf7 0-1

[Event "Biel MTO op 44th"]
[Site "Biel"]
[Date "2011.07.26"]
[Round "8"]
[White "Weber, Tom"]
[Black "Heimann, Andreas"]
[Result "1/2-1/2"]
[WhiteElo "2324"]
[BlackElo "2498"]
[PlyCount "84"]
[EventDate "2011.07.18"]
[EventType "swiss"]
[EventRounds "11"]
[EventCountry "SUI"]
[SourceTitle "CBM 143 Extra"]
[Source "ChessBase"]
[SourceDate "2011.08.29"]
[SourceVersion "1"]
[SourceVersionDate "2011.08.29"]
[SourceQuality "1"]

1. c4 Nf6 2. g3 g6 3. Bg2 Bg7 4. Nc3 0-0 5. e4 d6 6. Nge2 c5 7. 0-0 Nc6 8. d3 a6 9. h3 Rb8 10. a4 Ne8 11. Be3 Nc7 12. d4 cxd4 13. Nxd4 Ne6 14. Nde2 Nc5 15. Rb1 f5 16. Kh2 Kh8 17. f4 Nxe4 18. Nxe4 fxe4 19. b3 Be6 20. Bxe4 Qd7 21. g4 b5 22. axb5 axb5 23. c5 d5 24. Bg2 Qc7 25. Qd2 Bg8 26. Nd4 Nxd4 27. Bxd4 e5 28. fxe5 Bxe5+ 29. Kg1 Qg7 30. Bxe5 Qxe5 31. Rxf8 Rxf8 32. Re1 Qg7 33. Rd1 d4 34. Qxd4 Bxb3 35. Qxg7+ Kxg7 36. Rb1 Bc4 37. Bb7 Rf7 38. c6 Rc7 39. Kf2 Kf6 40. Ke3 Ke5 41. Rd1 Bd5 42. Rb1 Bc4 1/2-1/2

[Event "Biel MTO op 44th"]
[Site "Biel"]
[Date "2011.07.19"]
[Round "2"]
[White "Weber, Tom"]
[Black "Bogner, Sebastian"]
[Result "1/2-1/2"]
[WhiteElo "2324"]
[BlackElo "2528"]
[PlyCount "83"]
[EventDate "2011.07.18"]
[EventType "swiss"]
[EventRounds "11"]
[EventCountry "SUI"]
[SourceTitle "CBM 143 Extra"]
[Source "ChessBase"]
[SourceDate "2011.08.29"]
[SourceVersion "1"]
[SourceVersionDate "2011.08.29"]
[SourceQuality "1"]

1. c4 Nf6 2. g3 c6 3. Nf3 d5 4. Bg2 dxc4 5. Na3 Be6 6. Ng5 Bd5 7. e4 h6 8. exd5 hxg5 9. dxc6 Nxc6 10. 0-0 Rc8 11. Nxc4 e6 12. d3 Nd5 13. a3 Be7 14. Re1 Bf6 15. Be4 Kf8 16. Rb1 Rc7 17. Bd2 Rd7 18. Ne3 Nb6 19. Bxc6 bxc6 20. Qc2 Rxd3 21. Bb4+ Kg8 22. Qxc6 Qd7 23. Qc2 Kh7 24. a4 Rc8 25. Bc3 Bxc3 26. bxc3 Rcxc3 27. Qe2 Rc5 28. Rec1 Rxc1+ 29. Rxc1 Nxa4 30. Qh5+ Kg8 31. Qxg5 Nc3 32. Ra1 f6 33. Qa5 Nb5 34. Rb1 Nd6 35. Ra1 Nc8 36. Rc1 Nb6 37. Ra1 Nc8 38. Rc1 Qd8 39. Qa6 Nb6 40. Qxa7 Rd7 41. Qa6 Rd6 42. Qb7 1/2-1/2

[Event "Gibraltar Masters 9th"]
[Site "Caleta"]
[Date "2011.02.01"]
[Round "8"]
[White "Weber, Tom"]
[Black "Gallagher, Joseph G"]
[Result "1/2-1/2"]
[WhiteElo "2310"]
[BlackElo "2501"]
[PlyCount "69"]
[EventDate "2011.01.25"]
[EventType "swiss"]
[EventRounds "10"]
[EventCountry "GGB"]
[SourceTitle "CBM 141"]
[Source "ChessBase"]
[SourceDate "2011.03.17"]
[SourceVersion "1"]
[SourceVersionDate "2011.03.17"]
[SourceQuality "1"]

1. e4 c5 2. c3 d5 3. exd5 Qxd5 4. d4 Nf6 5. Nf3 e6 6. Bd3 Be7 7. 0-0 Nc6 8. a3 0-0 9. c4 Qd7 10. dxc5 Rd8 11. Bc2 Qxd1 12. Rxd1 Rxd1+ 13. Bxd1 a5 14. Nc3 Bxc5 15. Bf4 Bd7 16. Na4 Be7 17. Nb6 Rd8 18. Bc7 Re8 19. Ba4 Bd8 20. Bxd8 Rxd8 21. Rd1 Be8 22. Rxd8 Nxd8 23. Bxe8 Nxe8 24. Kf1 Kf8 25. Ke2 Ke7 26. Nd4 Kd6 27. b4 axb4 28. axb4 Nc6 29. c5+ Kc7 30. Nc2 Nf6 31. f3 g5 32. Na8+ Kb8 33. Nb6 Kc7 34. Na8+ Kb8 35. Nb6 1/2-1/2

[Event "EU-Cup 25th"]
[Site "Ohrid"]
[Date "2009.10.10"]
[Round "7.1"]
[White "Weber, Tom"]
[Black "Stamenkov, Vanco"]
[Result "0-1"]
[WhiteElo "2334"]
[BlackElo "2344"]
[PlyCount "113"]
[EventDate "2009.10.04"]
[EventType "team-swiss"]
[EventRounds "7"]
[EventCountry "MKD"]
[SourceTitle "CBM 133"]
[Source "ChessBase"]
[SourceDate "2009.11.19"]
[SourceVersion "1"]
[SourceVersionDate "2009.11.19"]
[SourceQuality "1"]
[WhiteTeam "Luxembourg Bennevoie"]
[BlackTeam "Kochani"]
[WhiteTeamCountry "LUX"]
[BlackTeamCountry "MKD"]

1. e4 c5 2. Nc3 Nc6 3. f4 g6 4. Nf3 Bg7 5. Bb5 e6 6. Bxc6 bxc6 7. d3 d6 8. 0-0 Ne7 9. Kh1 f6 10. e5 d5 11. Na4 Qa5 12. c4 Nf5 13. b3 fxe5 14. Nxe5 0-0 15. Qd2 Qb4 16. Qb2 Rb8 17. Rb1 Nd4 18. Rd1 g5 19. g3 Nf3 20. Qe2 Nxe5 21. fxe5 Rf5 22. Bb2 d4 23. Rf1 Rb7 24. Rbe1 Rbf7 25. Bc1 Rxe5 26. Qh5 Ref5 27. Kg2 e5 28. g4 Rf4 29. Bxf4 gxf4 30. Re2 Bd7 31. Qg5 h6 32. Qd8+ Kh7 33. h3 e4 34. dxe4 d3 35. Ref2 Be5 36. Rd1 Bd4 37. Rxd3 Qe1 38. Qh4 Qxe4+ 39. Rdf3 Rg7 40. Nb2 Rg5 41. Nd3 Be3 42. Ne1 Kg6 43. Kh2 h5 44. gxh5+ Kh6 45. Ng2 Bd4 46. Nxf4 Qe1 47. Ne2 Be5+ 48. Ng3 Bxg3+ 49. Qxg3 Rxg3 50. Kxg3 Kxh5 51. Rf4 Qc1 52. Rg2 Qe3+ 53. Rf3 Qe5+ 54. Kf2 Bf5 55. h4 Qd4+ 56. Re3 Be4 57. Rgg3 0-1

[Event "EU-Cup 25th"]
[Site "Ohrid"]
[Date "2009.10.07"]
[Round "4.1"]
[White "Georgiev, Vladimir"]
[Black "Weber, Tom"]
[Result "1-0"]
[WhiteElo "2537"]
[BlackElo "2334"]
[PlyCount "61"]
[EventDate "2009.10.04"]
[EventType "team-swiss"]
[EventRounds "7"]
[EventCountry "MKD"]
[SourceTitle "CBM 133"]
[Source "ChessBase"]
[SourceDate "2009.11.19"]
[SourceVersion "1"]
[SourceVersionDate "2009.11.19"]
[SourceQuality "1"]
[WhiteTeam "Llamkos"]
[BlackTeam "Luxembourg Bennevoie"]
[WhiteTeamCountry "YUG"]
[BlackTeamCountry "LUX"]

1. d4 Nf6 2. c4 g6 3. Nc3 Bg7 4. e4 0-0 5. Bd3 d6 6. Nge2 c6 7. 0-0 a6 8. Bg5 b5 9. cxb5 axb5 10. a3 Nbd7 11. d5 cxd5 12. exd5 b4 13. axb4 Bb7 14. Qb3 Nb6 15. Ra5 Ng4 16. Bb5 Rc8 17. h3 h6 18. Bf4 Ne5 19. Ra7 Rc7 20. Be3 Nc8 21. Ra5 Nd7 22. Nd4 Bxd4 23. Bxd4 f5 24. Bc6 Kh7 25. b5 Ncb6 26. Ne2 Nc5 27. Bxc5 dxc5 28. Nf4 Bc8 29. Ra6 e5 30. Ne6 Bxe6 31. dxe6 1-0

[Event "EU-Cup 25th"]
[Site "Ohrid"]
[Date "2009.10.06"]
[Round "3.1"]
[White "Weber, Tom"]
[Black "Pasko, Llambi"]
[Result "1/2-1/2"]
[WhiteElo "2334"]
[BlackElo "2041"]
[PlyCount "119"]
[EventDate "2009.10.04"]
[EventType "team-swiss"]
[EventRounds "7"]
[EventCountry "MKD"]
[SourceTitle "CBM 133"]
[Source "ChessBase"]
[SourceDate "2009.11.19"]
[SourceVersion "1"]
[SourceVersionDate "2009.11.19"]
[SourceQuality "1"]
[WhiteTeam "Luxembourg Bennevoie"]
[BlackTeam "Roskovec"]
[WhiteTeamCountry "LUX"]
[BlackTeamCountry "ALB"]

1. c4 Nf6 2. Nc3 g6 3. g3 Bg7 4. Bg2 d6 5. Nf3 0-0 6. 0-0 Nc6 7. Rb1 e5 8. b4 Bf5 9. d3 Qd7 10. b5 Ne7 11. Re1 d5 12. Nxe5 Qd6 13. Nf3 dxc4 14. e4 Nd7 15. d4 Bg4 16. Be3 c5 17. Bf4 Qxd4 18. Nxd4 Bxd1 19. Nde2 Bc2 20. Rbc1 Bd3 21. Bd6 Rfe8 22. Bxe7 Rxe7 23. Nd5 Re5 24. f4 Rxe4 25. Bxe4 Bxe4 26. Nec3 Bd4+ 27. Kf1 Bd3+ 28. Kg2 Nf6 29. Nxf6+ Bxf6 30. Ne4 Bb2 31. Nxc5 Bxc1 32. Rxc1 Re8 33. Kf3 Re2 34. Rc3 Rxa2 35. Nxd3 cxd3 36. Rxd3 Rxh2 37. Rd7 b6 38. Rxa7 Rb2 39. g4 Rxb5 40. g5 Kg7 41. Rb7 Rb4 42. Kg3 Rb2 43. Kf3 b5 44. Kg3 b4 45. Rb8 h6 46. Kf3 hxg5 47. fxg5 b3 48. Kg3 Rb1 49. Kg2 b2 50. Kh2 f5 51. gxf6+ Kxf6 52. Kg2 Kf5 53. Rf8+ Ke6 54. Rb8 Kd6 55. Rb6+ Kc7 56. Rb3 g5 57. Rb4 Kc6 58. Rb8 g4 59. Rb3 g3 60. Rb8 1/2-1/2